Správa o 18. sympóziu osteologickej spoločnosti NDR s medzinárodnou účasťou

Bibliographic Details
Main Authors: Havelka, S. (Author), Makai, František, 1933-2009 (Author)
Format: Article
Language:Slovak
Subjects:

MARC

LEADER 00000nab a2200000 a 4500
001 vtls000294691
003 SK-MaSNL
005 20260304183118.0
008 250422c1987 xo 0 slo
015 |a SNBRB19rr/mm-uuuuu 
035 |a CL0304810 
035 |a urn:nbn:sk:snk-ab6t7a 
035 |a (uuid)72a2d5a6-cc56-4c0a-a07f-ed03eea90202 
035 |a (urnnbn)urn:nbn:sk:snk:ar-a05qo1 
035 |a (sysno)vtls000294691 
040 |a SNKBUCL  |b slo  |c SNKBUCL  |e AACR2 
041 0 |a slo 
044 |a xo  |c SK 
080 |a 616.71:061.3  |2 1981 
080 |a 061.3  |2 1981 
100 1 |a Havelka, S.  |4 aut  |9 1181020 
245 1 0 |a Správa o 18. sympóziu osteologickej spoločnosti NDR s medzinárodnou účasťou  |c S. Havelka, F. Makai 
650 0 7 |a osteológia  |2 snkbucl  |9 1003 
655 7 |a články z novín a časopisov  |2 snkbucl  |9 267496 
700 1 |a Makai, František,  |d 1933-2009  |4 aut  |9 212267 
773 0 |t Rheumatologia  |g Roč. 1, č. 2 (1987), s. 121-124 
850 |a Slovenská národná knižnica 
852 |a Slovenská národná knižnica 
954 |a odborná, vedecká literatúra pôvodná (slovenská)  |2 lita 
958 |a article27 
958 |a RK 
958 |a MI 
958 |a DE 
958 |a OND 
958 |a EUIPO 
992 |a RBX 
999 |c 3033313  |d 3035243